000 00901 a2200229 4500
001 19469
005 20260407155500.0
008 260407a2000 arg spa d
003 AR-UNSa-BCEJYS
040 _aAR-UNSa-BCEJYS
_bspa
_cAR-UNSa-BCEJYS
080 _a004.4
_x"Software". Equipo lógico, componentes lógicos, logical, programas
245 1 0 _aCómo calcular y cubrir las necesidades financieras
_paplicación informática para la empresa
020 _a978-84-8088-403-7
264 1 _aBarcelona :
_bGestión 2000
_c2000
300 _a153 p.
_c23 cm.
505 _a1. Introducción - 2. Requerimientos mínimos del sistema - 3. Instalación del programa FINEC - 5. Funcionamiento del programa FINEC - 6. Ejemplo - 7. Glosario de términos.
942 _cBK
590 _aniveau_biblio:m niveau_hierar:0
100 1 _aAmat, Oriol
700 1 _aArgilés, Josep María
700 1 _aTempra, Josep
999 _c738
_d738